000
00311nam a22001337a 4500
008
170929b xxu||||| |||| 00| 0 eng d
020
_a
031209728
041
_a
eng
080
_2
4 ED
_a
37
100
_a
47
101
_a
EDU
245
_a
THE BEDFORD HANDBOOK FOR WRITERS
_c
BLALOCK.G
942
_2
udc
_c
BK
999
_c
30750
_d
30750